Statistics for People on Money - England

Click here to take the quiz!

General Stats

  • This quiz has been taken 4,302 times
  • The average score is 9 of 17

Answer Stats

Years Value Description Person % Correct
2016-£5Prime Minister during WWIIWinston Churchill
99%
2000 - 2018£10Author of "On the Origin of Species"Charles Darwin
90%
1970 - 1993£20Greatest of English playwrightsWilliam Shakespeare
88%
1992 - 2003£10Author of "Oliver Twist"Charles Dickens
84%
2017-£10Author who wrote "Pride and Prejudice"Jane Austen
82%
1975 - 1994£10She is considered the founder of modern nursingFlorence Nightingale
75%
2007-£20Economist who wrote "The Wealth of Nations"Adam Smith
64%
1978 - 1988£1Scientist who wrote "Principia Mathematica"Isaac Newton
62%
1971 - 1991£5Victorious general at WaterlooDuke of Wellington
56%
2011-£50Scottish steam engine engineerJames Watt
47%
1981 - 1996£50Architect of St. Paul's cathedralChristopher Wren
39%
1999 - 2010£20Composer of "Pomp and Circumstance"Edward Elgar
34%
1991 - 2001£20Scientist who experimented with electromagnetismMichael Faraday
33%
1990 - 2003£5He is called "the father of railroads"George Stephenson
24%
2002 - 2017£5She made prisons more humane in the Victorian eraElizabeth Fry
15%
2011-£50Business partner of the aboveMatthew Boulton
8%
1994 - 2014£50The first governor of the Bank of EnglandJohn Houblon
6%

Score Distribution

Percentile by Number Answered

Percent of People with Each Score

Your Score History

You have not taken this quiz